000 00293nam a2200121Ia 4500
008 220204s9999 xx 000 0 und d
082 _a6(038)
_bUVA
100 _aChapman, D R
245 0 _aDictionary of science
260 _aGreat Britain
_bELBS
_c1979
700 _aUvarov, E B
942 _cBK
999 _c36555
_d36555